Дело о представлении служащих Дирекции театров к высочайшим наградам в 1915 году

Доступно только в Электронных читальных залах Найти на картеНа карте
RUSMARC
00004149nmc2a22002653x 450
0014161bc46-8dcc-4644-8979-da60b5ec7f8a
00520201023184341.0
100##$a20200311l19151916k l0rusy0189 ca
1010#$arus
102##$aRU
105##$ay###
1222#$ad
2001#$aДело о представлении служащих Дирекции театров к высочайшим наградам в 1915 году
$j11 ноября 1915 г. - 27 апреля 1916 г.
215##$a97 л.
$d36,5х26 см
251##$cДело
300##$aНа бланке обложки указано: "Дело Санкт-Петербургской конторы императорских театров"
300##$aОриг. заголовок дела: Дело о представлении служащих Дирекции императорских театров к высочайшим наградам в 1916 году. 11 ноября 1915 г. - 27 апреля 1916 г
371##$aДокумент не является опубликованным и широко распространяемым
461#0$10019264ebf8-de62-4f1a-9eb4-9f22098dbbd5
$12001
$aДирекция императорских театров МИДв
$1251
$cФонд
$1852
$j497
462#0$10016d2858c7-947f-46a8-934e-c3d97596ebca
$12001
$aДирекция императорских театров (1879-1918 гг.)
$1251
$cОпись
$1852
$j6
5171#$aДело о представлении служащих Дирекции императорских театров к высочайшим наградам в 1916 году. 11 ноября 1915 г. - 27 апреля 1916 г
801#0$aRU
$bРГИА
$c20200311
$gRCR
801#1$aRU
$bГлавНИВЦ
$c20200311
$2rusmarc
801#2$aRU
$bПБ им. Б.Н. Ельцина
$c20201023
$gRCR
$2rusmarc
850##$aРГИА
852##$aРГИА
$eФедеральное казенное учреждение "Российский государственный исторический архив" (РГИА)
$j5090
937##$hРГИА
$d12340160
$aASBIBLIO_SCAN
035##$aRusGRCC00003167
856##$uhttp://readingroom.main.prlib.ru/item.aspx?id_node=n149689163&mode=full
Формат отображения